|
|
|
|
| LEADER |
01120nam a22003012a 4500 |
| 001 |
000073584 |
| 003 |
CZ BrMZK |
| 005 |
20080725110433.0 |
| 007 |
ta |
| 008 |
960707s1976 xr f cze d |
| 015 |
|
|
|a cnb000163396
|
| 035 |
|
|
|a (OCoLC)3432863
|
| 040 |
|
|
|a BOA001
|b cze
|
| 100 |
1 |
|
|a Vlček, Tomáš,
|d 1941-
|7 jk01150130
|4 aut
|
| 245 |
1 |
0 |
|a Současný plakát /
|c Tomáš Vlček
|
| 250 |
|
|
|a 1. vyd.
|
| 260 |
|
|
|a Praha :
|b Odeon,
|c 1976
|
| 300 |
|
|
|a 71 s.
|
| 490 |
1 |
|
|a Soudobé české umění
|
| 830 |
|
0 |
|a Soudobé české umění
|0 s
|
| 856 |
4 |
1 |
|u http://www.digitalniknihovna.cz/mzk/uuid/uuid:94aa2000-3d42-11e3-9c86-005056827e51
|y Digitalizovaný dokument
|x NDK
|
| 910 |
|
|
|a BOA001
|b PK-A-0016.573
|b 1-0767.250
|
| 920 |
|
|
|a 000252336
|
| 964 |
|
|
|a Plakáty - tvorba - ČSR - rozvoj - přehledy - od r.1945
|
| 964 |
|
|
|a Plakáty české - publikace obrazové - od r.1945
|
| 990 |
|
|
|a BK
|
| 996 |
6 |
|
|b 2619901688
|c 1-0767.250
|l MZK
|r Sklad / do 1 hodiny
|n 12
|w 000073584
|u 000020
|a 1
|e BOA001
|j MZK50
|s P
|
| 996 |
7 |
|
|b 3119962615
|c PK-A-0016.573
|l MZK
|r Sklad / do 1 hodiny
|n 22
|w 000073584
|u 000010
|a 1
|e BOA001
|j MZK50
|s A
|